|
|
|
|
| LEADER |
00000nam0a2200000 4500 |
| 001 |
674475 |
| 005 |
20241029104704.0 |
| 010 |
|
|
|a 978-5-907592-36-0
|
| 090 |
|
|
|a 674475
|
| 100 |
|
|
|a 20240911d2024 m||y0rusy50 ca
|
| 101 |
0 |
|
|a rus
|
| 102 |
|
|
|a RU
|
| 105 |
|
|
|a a z 001yy
|
| 181 |
|
0 |
|a i
|b e
|
| 182 |
|
0 |
|a n
|
| 183 |
|
0 |
|a nc
|2 RDAcarrier
|
| 200 |
1 |
|
|a Цифровая схемотехника. От азов до создания практических устройств
|f Шустов М. А.
|
| 203 |
|
|
|a Текст
|b визуальный
|c непосредственный
|
| 210 |
|
|
|a Санкт-Петербург
|c Наука и Техника
|d 2024
|
| 215 |
|
|
|a 559 с.
|c ил.
|
| 283 |
|
|
|a volume
|2 RDAcarrier
|
| 320 |
|
|
|a Литература: с. 554-559
|
| 330 |
|
|
|a Материалы интерактивного самоучителя позволят читателю пройти путь от освоения азов работы элементов и узлов цифровой электроники к вершинам профессионального мастерства в схемотехнике. По тексту книги размещены QR-коды, предназначенные для мгновенного перехода к необходимым ресурсам (видео, справочной информации), иллюстрирующих рассматриваемый материал. Рассмотрены основы цифровой техники, принципы построения и работа базовых элементов цифровой электроники, от простых к сложным. Показаны примеры практических решений построения отдельных узлов и рабочих фрагментов реальных схемотехнических решений. В основной части книги описано создание практических устройств, полезных в быту. Приведена коллекция достаточно простых схем различных цифровых устройств, доступных для самостоятельного повторения. Затем приводятся сотни примеров использования цифровых микросхем в составе различных технических устройств, измерительной техники, техники радиосвязи, медицинской и бытовой техники. Книга предназначена для широкого круга читателей. Она одновременно может быть полезна как начинающим радиолюбителям, участникам кружков технического творчества, студентам техникумов, ВУЗов, так и искушенным в цифровой схемотехнике инженерам.
|
| 606 |
1 |
|
|a Цифровая схемотехника
|9 77751
|
| 610 |
1 |
|
|a цифровая техника
|
| 610 |
1 |
|
|a цифровая электроника
|
| 610 |
1 |
|
|a базовые элементы
|
| 610 |
1 |
|
|a построение
|
| 610 |
1 |
|
|a отдельные узлы
|
| 610 |
1 |
|
|a рабочие фрагменты
|
| 610 |
1 |
|
|a практические решения
|
| 610 |
1 |
|
|a реальные схемотехнические решения
|
| 610 |
1 |
|
|a практические устройства
|
| 610 |
1 |
|
|a бытовое применение
|
| 610 |
1 |
|
|a цифровые микросхемы
|
| 610 |
1 |
|
|a применение
|
| 675 |
|
|
|a 004.312
|v 4
|
| 700 |
|
1 |
|a Шустов
|b М. А.
|c специалист в области электротехники
|c профессор Томского политехнического университета, доктор технических наук
|f 1952-
|g Михаил Анатольевич
|9 14865
|
| 801 |
|
0 |
|a RU
|b 63413507
|c 20240911
|
| 942 |
|
|
|c BK
|